| 000 | 00000nam 2200000za 4500 |
| 001 | 9.819109 |
| 003 | CaOODSP |
| 005 | 20241011135329 |
| 007 | cr ||||||||||| |
| 008 | 160608s2016 qucbo ob f000 0 fre d |
| 020 | |z978-0-660-20967-8 |
| 040 | |aCaOODSP|bfre |
| 043 | |an-cn--- |
| 086 | 1 |aCW66-529/2016F-PDF |
| 100 | 1 |aMaynard, Laurie Ann, |d1959- |
| 245 | 10|aPlan de gestion des réserves nationales de faune de l'Île-Scotch Bonnet et de l'Île-Mohawk |h[ressource électronique] / |c[préparé par Laurie Maynard]. |
| 260 | |aGatineau, Québec : |bEnvironnement et Changement climatique Canada, |cc2016. |
| 300 | |aviii, 70 p. : |bill. |
| 500 | |aPubl. aussi en anglais sous le titre : Scotch Bonnet Island and Mohawk Island National Wildlife Areas management plan. |
| 500 | |aLe n° de catalogue (CW66-338/2014F-PDF) et l’ISBN (978-0-660-20967-8) imprimés dans cette publication sont incorrects. |
| 504 | |aComprend des références bibliographiques (p. 52-59). |
| 692 | 07|2gccst|aAire de conservation |
| 692 | 07|2gccst|aGestion |
| 692 | 07|2gccst|aPlanification |
| 710 | 2 |aService canadien de la faune. |
| 775 | 08|tScotch Bonnet Island and Mohawk Island National Wildlife Areas management plan |w(CaOODSP)9.819108 |
| 856 | 40|qPDF|s2.84 Mo|uhttps://publications.gc.ca/collections/collection_2016/eccc/CW66-529-2016-fra.pdf |